[Event "6. ODEM U25 2009"]
[Site "Willingen GER"]
[Date "2009.06.03"]
[Round "6"]
[White "Thananbalasingam, Ajandhan"]
[Black "Schneider, Johannes"]
[Result "1/2-1/2"]
[Termination "normal"]
[Board "16"]
[WhiteElo "1926"]
[BlackElo "1775"]
[PlyCount "103"]
[BlackFideId "24687260"]
[EventCountry "GER"]
[EventRounds "9"]
[EventType "swiss"]
[EventDate "2009.05.30"]

1. e4 c5 2. Nf3 d6 3. d4 cxd4 4. Nxd4 a6 5. Nc3 Nf6 6. Be3 e6 7. f3 b5 8. Qd2
Bb7 9. g4 Be7 10. O-O-O Qc7 11. g5 Nfd7 12. h4 Ne5 13. f4 Nc4 14. Bxc4 Qxc4 15.
Kb1 Nd7 16. b3 Qc7 17. f5 Rc8 18. fxe6 fxe6 19. Ncxb5 axb5 20. Nxe6 Qc3 21.
Qxc3 Rxc3 22. Nxg7+ Kf7 23. Rhf1+ Kxg7 24. Bd4+ Kg6 25. Bxc3 Rc8 26. h5+ Kxh5
27. Rh1+ Kxg5 28. Bd2+ Kg6 29. Rdg1+ Kf7 30. Rxh7+ Ke6 31. Rg6+ Nf6 32. Rxe7+
Kxe7 33. Rg7+ Ke6 34. Rxb7 Nxe4 35. Bb4 Kd5 36. Rxb5+ Kc6 37. Rh5 Rd8 38. Kb2
Rd7 39. a4 Nf6 40. Rh6 Nd5 41. Ba3 Nc7 42. c4 Na6 43. b4 Kc7 44. b5 Nb8 45. a5
d5 46. Kc3 dxc4 47. Kxc4 Kb7 48. a6+ Ka8 49. Rh8 Rd1 50. b6 Rb1 51. Bb4 Rxb4+
52. Kxb4 1/2-1/2

[Event "6. ODEM U25 2009"]
[Site "Willingen GER"]
[Date "2009.06.03"]
[Round "6"]
[White "Höpfner, Tim"]
[Black "Kropman, Alexei"]
[Result "1-0"]
[Termination "normal"]
[Board "17"]
[WhiteElo "1824"]
[BlackElo "1964"]
[PlyCount "51"]
[WhiteFideId "4638310"]
[BlackFideId "24670723"]
[EventCountry "GER"]
[EventRounds "9"]
[EventType "swiss"]
[EventDate "2009.05.30"]

1. d4 d5 2. c4 c6 3. Nf3 Nf6 4. Qc2 g6 5. g3 Bg7 6. Bg2 O-O 7. O-O Nbd7 8. Nbd2
Re8 9. cxd5 Nxd5 10. a3 e5 11. dxe5 Nxe5 12. Nxe5 Bxe5 13. e4 Nc7 14. Rd1 Qe7
15. Nc4 Bg7 16. Be3 Ne6 17. f4 c5 18. Nd6 Rd8 19. e5 f6 20. Nxc8 Raxc8 21. exf6
Qxf6 22. Bxb7 Rb8 23. Bd5 Kh8 24. Bxe6 Qxe6 25. Rxd8+ Rxd8 26. Bxc5 1-0

[Event "6. ODEM U25 2009"]
[Site "Willingen GER"]
[Date "2009.06.03"]
[Round "6"]
[White "Frischmann, Rick"]
[Black "Müller, Philipp"]
[Result "1/2-1/2"]
[Termination "normal"]
[Board "18"]
[WhiteElo "1685"]
[BlackElo "1870"]
[PlyCount "81"]
[WhiteFideId "24660752"]
[BlackFideId "24683701"]
[EventCountry "GER"]
[EventRounds "9"]
[EventType "swiss"]
[EventDate "2009.05.30"]

1. e4 e6 2. d4 d5 3. Nd2 Nf6 4. e5 Nfd7 5. f4 c5 6. c3 Nc6 7. Ndf3 Be7 8. Bd3
Qa5 9. Kf1 O-O 10. Be3 c4 11. Bc2 f5 12. h4 b5 13. a3 Nd8 14. Ng5 Bxg5 15. hxg5
g6 16. g4 Qb6 17. gxf5 exf5 18. Qf3 Bb7 19. Qh3 Rf7 20. Nf3 Nf8 21. Nh4 Nde6
22. Bxf5 gxf5 23. Nxf5 Rd7 24. Nh6+ Kh8 25. f5 Ng7 26. e6 Ngxe6 27. fxe6 Qxe6
28. Qxe6 Nxe6 29. Ke2 Rf8 30. Ng4 Rg7 31. Ne5 Kg8 32. g6 Nf4+ 33. Bxf4 Rxf4 34.
gxh7+ Rxh7 35. Rag1+ Rg7 36. Rxg7+ Kxg7 37. Rg1+ Kh7 38. Rg4 Rf6 39. Rh4+ Kg7
40. Rg4+ Kh7 41. Rh4+ 1/2-1/2

[Event "6. ODEM U25 2009"]
[Site "Willingen GER"]
[Date "2009.06.03"]
[Round "6"]
[White "Gefnider, Andreas"]
[Black "Becker, Carsten"]
[Result "1/2-1/2"]
[Termination "normal"]
[Board "19"]
[WhiteElo "1653"]
[BlackElo "1995"]
[PlyCount "59"]
[WhiteFideId "12900176"]
[BlackFideId "24646822"]
[EventCountry "GER"]
[EventRounds "9"]
[EventType "swiss"]
[EventDate "2009.05.30"]

1. e4 d5 2. exd5 Qxd5 3. Nc3 Qa5 4. Nf3 Bg4 5. Be2 Nf6 6. b3 Nbd7 7. Bb2 c6 8.
Nd4 Bxe2 9. Qxe2 e6 10. Ne4 Qd5 11. Nxf6+ Nxf6 12. Qf3 Rg8 13. g3 Bc5 14. Qxd5
cxd5 15. f4 Rc8 16. O-O-O a6 17. Nf3 Ke7 18. d4 Bb4 19. a3 Ba5 20. Rhf1 Rc6 21.
Rf2 Rgc8 22. Re2 Bc3 23. Rd3 b5 24. Bxc3 Rxc3 25. Ne1 a5 26. Kb2 Rxd3 27. Nxd3
a4 28. Nb4 Kd6 29. Nd3 h5 30. Re3 1/2-1/2

[Event "6. ODEM U25 2009"]
[Site "Willingen GER"]
[Date "2009.06.03"]
[Round "6"]
[White "Wenninger, Philipp"]
[Black "Ivascu, Cosmin Alexandru"]
[Result "1-0"]
[Termination "normal"]
[Board "21"]
[WhiteElo "1984"]
[BlackElo "1891"]
[PlyCount "45"]
[WhiteFideId "4648404"]
[BlackFideId "24686034"]
[EventCountry "GER"]
[EventRounds "9"]
[EventType "swiss"]
[EventDate "2009.05.30"]

1. d4 Nf6 2. Nf3 e6 3. e3 c5 4. Bd3 Nc6 5. b3 Be7 6. Bb2 b6 7. Nbd2 Bb7 8. O-O
cxd4 9. exd4 Qc7 10. Qe2 Nb4 11. Ne5 O-O 12. f4 Nxd3 13. Qxd3 d6 14. Nef3 Qc6
15. c4 Ne4 16. f5 Bf6 17. Rae1 Nxd2 18. Qxd2 Rfe8 19. Rf2 Qc7 20. Qf4 Bxf3 21.
Qxf3 exf5 22. Rfe2 Qd7 23. Qb7 1-0

[Event "6. ODEM U25 2009"]
[Site "Willingen GER"]
[Date "2009.06.03"]
[Round "6"]
[White "Bart, Simon"]
[Black "Werner, Patrick"]
[Result "1-0"]
[Termination "normal"]
[Board "22"]
[WhiteElo "1988"]
[BlackElo "1872"]
[PlyCount "65"]
[WhiteFideId "24637327"]
[BlackFideId "24601608"]
[EventCountry "GER"]
[EventRounds "9"]
[EventType "swiss"]
[EventDate "2009.05.30"]

1. e4 g6 2. d4 Bg7 3. Nc3 d6 4. g3 Nc6 5. Be3 Nf6 6. h3 O-O 7. Bg2 e6 8. Nge2
d5 9. e5 Nd7 10. O-O f6 11. f4 fxe5 12. fxe5 Rxf1+ 13. Kxf1 Ne7 14. Qd2 a6 15.
Kg1 c5 16. dxc5 Nxe5 17. b3 N7c6 18. Rf1 Bd7 19. Na4 Qc7 20. Nb6 Rf8 21. Bf4
Be8 22. Re1 Qf7 23. Rf1 Qe7 24. b4 Rf5 25. h4 Rf8 26. Nc8 Qd8 27. Nd6 Ne7 28.
Nxb7 Qa8 29. Nd6 Nf5 30. Nxf5 Rxf5 31. Nd4 Rf6 32. Qe2 Nc4 33. Qxc4 1-0

[Event "6. ODEM U25 2009"]
[Site "Willingen GER"]
[Date "2009.06.03"]
[Round "6"]
[White "Ackermann, Johannes"]
[Black "Neumair, Cedric"]
[Result "1-0"]
[Termination "normal"]
[Board "23"]
[WhiteElo "1935"]
[BlackElo "1867"]
[PlyCount "43"]
[WhiteFideId "24663875"]
[BlackFideId "4698304"]
[EventCountry "GER"]
[EventRounds "9"]
[EventType "swiss"]
[EventDate "2009.05.30"]

1. e4 c5 2. Nf3 d6 3. d4 cxd4 4. Nxd4 Nf6 5. Nc3 a6 6. Bc4 e6 7. Bb3 Be7 8. f4
O-O 9. Qf3 Qc7 10. Be3 Nc6 11. O-O-O Bd7 12. Rhg1 b5 13. g4 Rfc8 14. g5 Ne8 15.
f5 Nxd4 16. Bxd4 a5 17. Rdf1 e5 18. Nd5 Qd8 19. Bb6 Nc7 20. f6 Bf8 21. g6 fxg6
22. Nxc7+ 1-0

[Event "6. ODEM U25 2009"]
[Site "Willingen GER"]
[Date "2009.06.03"]
[Round "6"]
[White "Takeuchi, Eiki"]
[Black "Hirschberg, Leander"]
[Result "1-0"]
[Termination "normal"]
[Board "24"]
[WhiteElo "1882"]
[BlackElo "1671"]
[PlyCount "75"]
[WhiteFideId "24663751"]
[BlackFideId "24652130"]
[EventCountry "GER"]
[EventRounds "9"]
[EventType "swiss"]
[EventDate "2009.05.30"]

1. e4 c5 2. Nc3 Nc6 3. f4 e6 4. Nf3 d5 5. e5 Nge7 6. g3 Nf5 7. Bg2 Be7 8. O-O
O-O 9. d3 b6 10. Ne2 f6 11. c3 fxe5 12. fxe5 Ba6 13. Re1 Qd7 14. Nf4 g5 15. Nh5
h6 16. h4 Qe8 17. g4 Ng7 18. Nxg7 Kxg7 19. hxg5 hxg5 20. Nxg5 Qg6 21. Nh3 Bh4
22. Re3 Bg5 23. Nxg5 Qxg5 24. Qe1 Qg6 25. Qg3 Rf7 26. Bd2 Raf8 27. Rf1 Rxf1+
28. Bxf1 Qg5 29. Re2 Qg6 30. Rh2 Rh8 31. Rxh8 Kxh8 32. Be2 Qg7 33. Bf4 Kg8 34.
Kg2 Qh7 35. Qh3 Qg7 36. Qh5 Qf8 37. Qg6+ Kh8 38. Bg5 1-0

[Event "6. ODEM U25 2009"]
[Site "Willingen GER"]
[Date "2009.06.03"]
[Round "6"]
[White "Klebanov, Andrej"]
[Black "Baier, Christoph"]
[Result "1/2-1/2"]
[Termination "normal"]
[Board "25"]
[WhiteElo "1818"]
[BlackElo "1671"]
[PlyCount "42"]
[WhiteFideId "24669989"]
[BlackFideId "24655759"]
[EventCountry "GER"]
[EventRounds "9"]
[EventType "swiss"]
[EventDate "2009.05.30"]

1. d4 Nf6 2. c4 g6 3. Nc3 Bg7 4. e4 d6 5. Nf3 O-O 6. Be2 e5 7. dxe5 dxe5 8. Bg5
c6 9. O-O Qc7 10. Qc1 Be6 11. Bh6 Nbd7 12. Bxg7 Kxg7 13. b4 Rfd8 14. Ng5 Nf8
15. Qc2 h6 16. Nf3 Bg4 17. Rfd1 Ne6 18. Qb2 Bxf3 19. Bxf3 Nd4 20. Ne2 Nxf3+ 21.
gxf3 Qe7 1/2-1/2

[Event "6. ODEM U25 2009"]
[Site "Willingen GER"]
[Date "2009.06.03"]
[Round "6"]
[White "Orhan, Eda"]
[Black "Fernschild, Daniel"]
[Result "1/2-1/2"]
[Termination "normal"]
[Board "26"]
[WhiteElo "1769"]
[BlackElo "1877"]
[PlyCount "35"]
[WhiteFideId "24659258"]
[BlackFideId "4624513"]
[EventCountry "GER"]
[EventRounds "9"]
[EventType "swiss"]
[EventDate "2009.05.30"]

1. d4 e6 2. Nf3 Nf6 3. e3 d5 4. Bd3 c5 5. b3 Nc6 6. Bb2 Be7 7. Nbd2 O-O 8. O-O
b6 9. a3 Bb7 10. Ne5 Qc7 11. f4 a5 12. Qf3 Ba6 13. c4 Rfc8 14. Rac1 Qd8 15.
Rfd1 Bb7 16. Qh3 cxd4 17. Nxc6 Rxc6 18. exd4 1/2-1/2

[Event "6. ODEM U25 2009"]
[Site "Willingen GER"]
[Date "2009.06.03"]
[Round "6"]
[White "Ohnesorg, Felix"]
[Black "Jorczik, Andreas"]
[Result "1/2-1/2"]
[Termination "normal"]
[Board "27"]
[WhiteElo "1822"]
[BlackElo "1792"]
[PlyCount "97"]
[WhiteFideId "24653578"]
[BlackFideId "24634921"]
[EventCountry "GER"]
[EventRounds "9"]
[EventType "swiss"]
[EventDate "2009.05.30"]

1. d4 Nf6 2. Nf3 e6 3. c4 d5 4. Nc3 c5 5. e3 Nc6 6. cxd5 cxd4 7. Nxd4 Nxd5 8.
Nxc6 bxc6 9. e4 Nxc3 10. Qxd8+ Kxd8 11. bxc3 Bd6 12. Bc4 Ke7 13. Be3 e5 14. O-O
a5 15. Rab1 Bd7 16. Rb7 Rhb8 17. Rfb1 f6 18. a4 Kd8 19. Kf1 Kc8 20. Rxb8+ Rxb8
21. Rxb8+ Kxb8 22. Bb6 Bc7 23. Bc5 Bd8 24. Bg8 h5 25. Bf7 h4 26. Bg6 Be6 27.
Ke2 f5 28. exf5 Bb3 29. Bd6+ Kb7 30. Bxe5 Bf6 31. Bxf6 gxf6 32. g4 Kc7 33. f4
Bxa4 34. Bf7 Bc2 35. g5 Kd7 36. Be6+ Ke7 37. g6 Kf8 38. Kd2 Be4 39. Kc1 c5 40.
Kb2 Bc6 41. Kb3 Bb5 42. Bd5 Kg7 43. Be4 Kf8 44. c4 Bd7 45. Kc3 Ke7 46. Kd2 Kf8
47. Ke3 a4 48. Kd2 a3 49. Kc1 1/2-1/2

[Event "6. ODEM U25 2009"]
[Site "Willingen GER"]
[Date "2009.06.03"]
[Round "6"]
[White "Schmidt, Matthias"]
[Black "Kuckling, Jonas"]
[Result "1-0"]
[Termination "normal"]
[Board "28"]
[WhiteElo "1803"]
[BlackElo "1539"]
[PlyCount "113"]
[WhiteFideId "12900168"]
[BlackFideId "24603856"]
[EventCountry "GER"]
[EventRounds "9"]
[EventType "swiss"]
[EventDate "2009.05.30"]

1. d4 d5 2. c4 e6 3. Nc3 Nf6 4. Bg5 Be7 5. Nf3 Nbd7 6. e3 O-O 7. Qc2 c6 8. Bd3
Re8 9. O-O Nf8 10. Ne5 h6 11. Bh4 dxc4 12. Bxc4 Nd5 13. Bxe7 Qxe7 14. Rad1 Qg5
15. Ne4 Qe7 16. Ng3 Bd7 17. e4 Nb4 18. Qb3 b5 19. Be2 a5 20. a3 a4 21. Qxb4
Qxb4 22. axb4 a3 23. bxa3 Rxa3 24. Rc1 Ra6 25. Rc2 Rd8 26. Rfc1 Be8 27. Nxc6
Bxc6 28. Rxc6 Ra4 29. Bxb5 Rxb4 30. Bf1 Rbxd4 31. Rc8 Ng6 32. f3 Kh7 33. Rxd8
Rxd8 34. Rc7 f6 35. Nh5 Ne5 36. Rxg7+ Kh8 37. Re7 Rd7 38. Re8+ Kh7 39. Nxf6+
Kg7 40. Nxd7 Nxd7 41. Re7+ Kf6 42. Rxd7 h5 43. Bc4 h4 44. Rd6 Ke5 45. Rxe6+ Kd4
46. f4 Kxc4 47. Rd6 Kc5 48. e5 h3 49. f5 hxg2 50. f6 Kc4 51. f7 Kb5 52. f8=Q
Kc4 53. Qf7+ Kc5 54. Qc7+ Kb5 55. Rb6+ Ka5 56. e6 Ka4 57. Qa7# 1-0

[Event "6. ODEM U25 2009"]
[Site "Willingen GER"]
[Date "2009.06.03"]
[Round "6"]
[White "Sasse, Fabius"]
[Black "Stark, Sven"]
[Result "1/2-1/2"]
[Termination "normal"]
[Board "29"]
[WhiteElo "1579"]
[BlackElo "1763"]
[PlyCount "80"]
[WhiteFideId "24659657"]
[BlackFideId "4670124"]
[EventCountry "GER"]
[EventRounds "9"]
[EventType "swiss"]
[EventDate "2009.05.30"]

1. e4 c5 2. Nf3 Nc6 3. d4 cxd4 4. Nxd4 g6 5. Nc3 Bg7 6. Be3 d6 7. Be2 Nf6 8.
O-O O-O 9. Kh1 a6 10. f4 Qc7 11. Qd2 Rd8 12. Nb3 b5 13. Bf3 Bb7 14. Nd5 Nxd5
15. exd5 Nb8 16. Nd4 Nd7 17. f5 Ne5 18. fxg6 hxg6 19. Be4 Rf8 20. Bh6 Nc4 21.
Qg5 Ne5 22. Bxg7 Kxg7 23. Rxf7+ Kxf7 24. Bxg6+ Nxg6 25. Rf1+ Kg8 26. Qxg6+ Kh8
27. Qh6+ Kg8 28. Rxf8+ Rxf8 29. Qxf8+ Kxf8 30. Ne6+ Ke8 31. Nxc7+ Kd7 32. Ne6
Bxd5 33. Ng5 Bxa2 34. h4 Bb1 35. c3 e5 36. g4 Ke7 37. Kg2 d5 38. Nf3 Kf6 39.
Kf2 a5 40. Ke3 Bh7 1/2-1/2

[Event "6. ODEM U25 2009"]
[Site "Willingen GER"]
[Date "2009.06.03"]
[Round "6"]
[White "Matschewsky, Justus"]
[Black "Kempe, Markus"]
[Result "0-1"]
[Termination "normal"]
[Board "30"]
[WhiteElo "1658"]
[BlackElo "1348"]
[PlyCount "44"]
[WhiteFideId "24678708"]
[BlackFideId "24692638"]
[EventCountry "GER"]
[EventRounds "9"]
[EventType "swiss"]
[EventDate "2009.05.30"]

1. e4 c5 2. Nf3 Nc6 3. d4 cxd4 4. Nxd4 g6 5. Nc3 Bg7 6. Be3 Nf6 7. Bc4 O-O 8.
O-O Nxe4 9. Nxe4 d5 10. Bxd5 Qxd5 11. Nc3 Qc4 12. Nde2 Rd8 13. Qc1 b6 14. Bh6
Bh8 15. Qf4 Nd4 16. Rad1 Nxe2+ 17. Nxe2 Ba6 18. Rde1 Qxc2 19. Nd4 Rxd4 20. Qf3
Re8 21. Rxe7 Rxe7 22. Qa8+ Qc8 0-1

[Event "6. ODEM U25 2009"]
[Site "Willingen GER"]
[Date "2009.06.03"]
[Round "6"]
[White "Holle, Eric"]
[Black "Nekrasova, Kateryna"]
[Result "0-1"]
[Termination "normal"]
[Board "31"]
[WhiteElo "1735"]
[BlackElo "1833"]
[PlyCount "50"]
[WhiteFideId "4624610"]
[BlackFideId "24636266"]
[EventCountry "GER"]
[EventRounds "9"]
[EventType "swiss"]
[EventDate "2009.05.30"]

1. e4 c6 2. d4 d5 3. Nc3 dxe4 4. Nxe4 Bf5 5. Ng3 Bg6 6. Nf3 Nd7 7. h4 h6 8. h5
Bh7 9. Bd3 Bxd3 10. Qxd3 e6 11. Bf4 Qa5+ 12. Bd2 Qc7 13. O-O-O Ngf6 14. Ne4
Nxe4 15. Qxe4 Nf6 16. Qe2 O-O-O 17. c4 c5 18. Bc3 cxd4 19. Bxd4 Bd6 20. Kb1 Qa5
21. Ne5 Bxe5 22. Bxe5 Rhg8 23. Qe3 Ng4 24. Rxd8+ Rxd8 25. Bc3 Qf5+ 0-1

[Event "6. ODEM U25 2009"]
[Site "Willingen GER"]
[Date "2009.06.03"]
[Round "6"]
[White "Weißbeck, Joachim Daniel"]
[Black "Stemmler, Lysan"]
[Result "0-1"]
[Termination "normal"]
[Board "32"]
[WhiteElo "1755"]
[BlackElo "1856"]
[PlyCount "32"]
[WhiteFideId "4639227"]
[BlackFideId "24622451"]
[EventCountry "GER"]
[EventRounds "9"]
[EventType "swiss"]
[EventDate "2009.05.30"]

1. e4 c5 2. Nf3 d6 3. d4 cxd4 4. Nxd4 Nf6 5. Nc3 g6 6. Bg5 Bg7 7. Qd2 O-O 8. f3
Nc6 9. Nxc6 bxc6 10. O-O-O Be6 11. Kb1 Qb6 12. Bh6 Rfb8 13. Na4 Bxh6 14. Qxh6
Qb4 15. g4 Qxa4 16. b3 Bxb3 0-1

[Event "6. ODEM U25 2009"]
[Site "Willingen GER"]
[Date "2009.06.03"]
[Round "6"]
[White "Plumbaum, Nadja"]
[Black "Armbrust, Matthias"]
[Result "1/2-1/2"]
[Termination "normal"]
[Board "33"]
[WhiteElo "1667"]
[BlackElo "1820"]
[PlyCount "37"]
[WhiteFideId "24691941"]
[EventCountry "GER"]
[EventRounds "9"]
[EventType "swiss"]
[EventDate "2009.05.30"]

1. c4 g6 2. Nc3 Bg7 3. g3 d6 4. Bg2 e5 5. e4 Nc6 6. Nge2 f5 7. d3 Nf6 8. O-O
O-O 9. Rb1 a5 10. a3 h6 11. b4 axb4 12. axb4 Nh5 13. exf5 gxf5 14. f4 exf4 15.
Bxf4 Nxf4 16. Rxf4 Ne5 17. Qc2 Ng4 18. Qd2 Re8 19. Bh1 1/2-1/2

[Event "6. ODEM U25 2009"]
[Site "Willingen GER"]
[Date "2009.06.03"]
[Round "6"]
[White "Röhlich, Philipp"]
[Black "Neitzel, Mirko"]
[Result "0-1"]
[Termination "normal"]
[Board "34"]
[WhiteElo "1043"]
[BlackElo "1810"]
[PlyCount "42"]
[WhiteFideId "24692832"]
[BlackFideId "24657298"]
[EventCountry "GER"]
[EventRounds "9"]
[EventType "swiss"]
[EventDate "2009.05.30"]

1. e4 c5 2. b3 e5 3. Bb2 Nc6 4. Bb5 Nge7 5. Nf3 d6 6. d3 g6 7. Nbd2 Bg7 8. c4
O-O 9. O-O f5 10. Bxc6 Nxc6 11. Qc2 f4 12. Qc1 g5 13. Qd1 Be6 14. Ne1 Rf6 15.
f3 Qe8 16. Nc2 Rh6 17. Rf2 Qh5 18. Nf1 Rf8 19. Ne1 Bf6 20. a3 g4 21. Rd2 g3 0-1

[Event "6. ODEM U25 2009"]
[Site "Willingen GER"]
[Date "2009.06.03"]
[Round "6"]
[White "Lebeda, Timo"]
[Black "Usov, Andreas"]
[Result "1-0"]
[Termination "normal"]
[Board "35"]
[WhiteElo "1942"]
[BlackElo "1491"]
[PlyCount "105"]
[WhiteFideId "4638565"]
[BlackFideId "24601713"]
[EventCountry "GER"]
[EventRounds "9"]
[EventType "swiss"]
[EventDate "2009.05.30"]

1. c4 e5 2. Nc3 Nf6 3. Nf3 Nc6 4. d4 exd4 5. Nxd4 d5 6. cxd5 Nxd5 7. Nxc6 bxc6
8. Bd2 Be6 9. e3 Bd6 10. Be2 Qd7 11. O-O f6 12. Ne4 Be5 13. Nc5 Qd6 14. Nxe6
Qxe6 15. Qc2 Ne7 16. Rac1 h5 17. Bf3 Rd8 18. Bb4 g5 19. b3 g4 20. Bxc6+ Nxc6
21. Qxc6+ Qxc6 22. Rxc6 h4 23. Bc3 Bxc3 24. Rxc3 Rd7 25. Rc6 Ke7 26. Rfc1 Rc8
27. Kf1 Kf7 28. Ke2 Kg6 29. R1c4 Kg5 30. Ra4 Rcd8 31. Rc2 Ra8 32. Rb4 a5 33.
Rb7 a4 34. b4 a3 35. Rbxc7 Rd5 36. R2c5 Rxc5 37. Rxc5+ Kg6 38. Ra5 Rb8 39. b5
Kf7 40. Kd2 Ke6 41. Kc2 Rc8+ 42. Kb3 Rd8 43. Ra6+ Ke5 44. Kc2 Rb8 45. b6 Kd5
46. Kb3 Kc5 47. Kxa3 Kb5 48. Ra4 Rd8 49. Rb4+ Kc5 50. b7 Rb8 51. Kb3 f5 52. a4
Kc6 53. Kc4 1-0

[Event "6. ODEM U25 2009"]
[Site "Willingen GER"]
[Date "2009.06.03"]
[Round "6"]
[White "Rosenberger, Andreas"]
[Black "Azizi, Nassim"]
[Result "0-1"]
[Termination "normal"]
[Board "36"]
[WhiteElo "1478"]
[BlackElo "1692"]
[PlyCount "98"]
[WhiteFideId "12900192"]
[BlackFideId "4608119"]
[EventCountry "GER"]
[EventRounds "9"]
[EventType "swiss"]
[EventDate "2009.05.30"]

1. e4 c5 2. d4 cxd4 3. Qxd4 Nc6 4. Qd1 Nf6 5. Nc3 e6 6. Bf4 e5 7. Be3 Bb4 8.
Bd2 O-O 9. Bd3 d5 10. exd5 Bxc3 11. Bxc3 Qxd5 12. f3 e4 13. Bxf6 exd3 14. Bc3
Qg5 15. g4 Re8+ 16. Kf1 dxc2 17. Qxc2 h5 18. h3 Be6 19. Rh2 Bc4+ 20. Kg2 Bd5
21. Kh1 Ne5 22. Bxe5 Rxe5 23. Re2 Rae8 24. Rxe5 Rxe5 25. Qc8+ Kh7 26. Rf1 Re6
27. Qc2+ g6 28. Qg2 Rf6 29. a3 Kg7 30. gxh5 Qxh5 31. Qg4 Qe5 32. Rf2 Qe3 33.
Qg3 Rf5 34. h4 Qf4 35. Kh2 Qc1 36. f4 Bc6 37. Qc3+ Qxc3 38. bxc3 Rc5 39. Rc2
Ra5 40. Ra2 Kf6 41. Kg3 Be4 42. Nf3 Rc5 43. Ng5 Rxc3+ 44. Kf2 Bc6 45. a4 Rc4
46. Ke3 Bxa4 47. Ne4+ Ke7 48. Nc5 Rxc5 49. Rxa4 a5 0-1

[Event "6. ODEM U25 2009"]
[Site "Willingen GER"]
[Date "2009.06.03"]
[Round "6"]
[White "Lebeda, Lukas"]
[Black "Holle, Cedric"]
[Result "0-1"]
[Termination "normal"]
[Board "37"]
[WhiteElo "1710"]
[BlackElo "1701"]
[PlyCount "56"]
[BlackFideId "24692158"]
[EventCountry "GER"]
[EventRounds "9"]
[EventType "swiss"]
[EventDate "2009.05.30"]

1. c4 c6 2. Nc3 d5 3. d4 Bf5 4. Nf3 Nf6 5. Bf4 e6 6. Qb3 Qd7 7. e3 Bd6 8. Bxd6
Qxd6 9. Qxb7 Nfd7 10. Qc8+ Ke7 11. Qxh8 Qb4 12. Be2 Qxb2 13. O-O Qxc3 14. cxd5
cxd5 15. Bb5 Nf6 16. Qxg7 Nbd7 17. Bxd7 Rg8 18. Qh6 Ng4 19. Qh4+ Kxd7 20. Rfc1
Qb2 21. Qg3 Rc8 22. Re1 h5 23. Ne5+ Ke7 24. Nxg4 hxg4 25. f3 gxf3 26. Qxf3 Be4
27. Qf2 Rc2 28. Qh4+ Kd7 0-1

[Event "6. ODEM U25 2009"]
[Site "Willingen GER"]
[Date "2009.06.03"]
[Round "6"]
[White "Durmisi, Valon"]
[Black "Rummer, Evi"]
[Result "1-0"]
[Termination "normal"]
[Board "38"]
[WhiteElo "1619"]
[BlackElo "1439"]
[PlyCount "63"]
[BlackFideId "12900117"]
[EventCountry "GER"]
[EventRounds "9"]
[EventType "swiss"]
[EventDate "2009.05.30"]

1. e4 e5 2. Nf3 Nc6 3. Bc4 Bc5 4. b4 Bxb4 5. c3 Ba5 6. d4 exd4 7. O-O Nf6 8. e5
Ng4 9. cxd4 d6 10. h3 Nh6 11. Bxh6 gxh6 12. Qb3 Qe7 13. Nc3 Bxc3 14. Qxc3 Rg8
15. exd6 Qxd6 16. Ne5 Nxe5 17. dxe5 Qg6 18. Qf3 c6 19. Rad1 Be6 20. Rd6 Rd8 21.
Bxe6 fxe6 22. Rfd1 Rxd6 23. Rxd6 Ke7 24. g3 Qg5 25. Qa3 Qf5 26. Rxc6+ Kf7 27.
Rc7+ Kg6 28. Qe7 Qf8 29. Qxe6+ Kh5 30. Rc4 Rg6 31. Rh4+ Kg5 32. Qg4# 1-0

[Event "6. ODEM U25 2009"]
[Site "Willingen GER"]
[Date "2009.06.03"]
[Round "6"]
[White "Laqua, Stefan"]
[Black "Goldbeck, Daniel"]
[Result "0-1"]
[Termination "normal"]
[Board "39"]
[WhiteElo "1744"]
[BlackElo "1391"]
[PlyCount "70"]
[WhiteFideId "4674634"]
[BlackFideId "1271850"]
[EventCountry "GER"]
[EventRounds "9"]
[EventType "swiss"]
[EventDate "2009.05.30"]

1. e4 c6 2. d4 d5 3. Nc3 e6 4. e5 c5 5. Nf3 Nc6 6. Be3 Qb6 7. Na4 Qb4+ 8. c3
Qa5 9. Nxc5 Bxc5 10. dxc5 Nge7 11. Bd3 O-O 12. O-O Ng6 13. Bd4 Qc7 14. Re1 f6
15. Bxg6 hxg6 16. b4 a5 17. b5 Ne7 18. a4 Bd7 19. Qc1 Nf5 20. Ra2 Rac8 21. Qa3
Rf7 22. g4 Nxd4 23. cxd4 fxe5 24. Nxe5 Rf4 25. Qe3 Rcf8 26. h3 Qd8 27. Nxd7
Qxd7 28. Rd2 Re4 29. Qxe4 dxe4 30. Rxe4 Qd5 31. Re5 Qb3 32. c6 bxc6 33. bxc6
Qxa4 34. Rxe6 Qc4 35. d5 Qc1+ 0-1

[Event "6. ODEM U25 2009"]
[Site "Willingen GER"]
[Date "2009.06.03"]
[Round "6"]
[White "Marquardt, Annabelle"]
[Black "Rummer, Martin"]
[Result "0-1"]
[Termination "normal"]
[Board "40"]
[WhiteElo "1381"]
[BlackElo "1589"]
[PlyCount "120"]
[WhiteFideId "12900125"]
[BlackFideId "12900184"]
[EventCountry "GER"]
[EventRounds "9"]
[EventType "swiss"]
[EventDate "2009.05.30"]

1. e4 e5 2. Nf3 Nc6 3. Bc4 Bc5 4. d3 Nf6 5. Bg5 d6 6. h3 h6 7. Bh4 Qe7 8. Nc3
g5 9. Bg3 Be6 10. Nd5 Bxd5 11. Bxd5 Nxd5 12. exd5 Nb4 13. c4 O-O 14. O-O f5 15.
a3 Na6 16. Re1 Qg7 17. b4 f4 18. bxc5 fxg3 19. fxg3 g4 20. Nd2 gxh3 21. Ne4
Nxc5 22. Kh2 hxg2 23. Kxg2 Nxe4 24. Rxe4 Rf5 25. Rg4 Rg5 26. Rxg5 Qxg5 27. Kh3
Rf8 28. Qg4 Qxg4+ 29. Kxg4 Kg7 30. Rb1 b6 31. Rh1 Kg6 32. Rh2 h5+ 33. Rxh5 Rf2
34. Rh8 Ra2 35. Rc8 Rxa3 36. Rxc7 Rxd3 37. Rc6 Rd4+ 38. Kf3 Kg5 39. Rxd6 Rxc4
40. Rd8 Rd4 41. d6 Kf6 42. g4 Ke6 43. g5 Rxd6 44. Rf8 Ke7 45. Rf5 Rg6 46. Rxe5+
Kf7 47. Kg4 Re6 48. Rd5 Kg6 49. Kf4 Rc6 50. Ke3 Rc5 51. Rxc5 bxc5 52. Kd3 a5
53. Kc3 a4 54. Kc4 Kxg5 55. Kc3 Kf4 56. Kb2 Ke3 57. Kc3 Ke2 58. Kc2 a3 59. Kb3
Kd2 60. Kxa3 c4 0-1

[Event "6. ODEM U25 2009"]
[Site "Willingen GER"]
[Date "2009.06.03"]
[Round "6"]
[White "Bangert, Benjamin"]
[Black "Valet, Alexander"]
[Result "0-1"]
[Termination "normal"]
[Board "41"]
[WhiteElo "1330"]
[BlackElo "1550"]
[PlyCount "110"]
[WhiteFideId "24692654"]
[BlackFideId "24682560"]
[EventCountry "GER"]
[EventRounds "9"]
[EventType "swiss"]
[EventDate "2009.05.30"]

1. g3 d5 2. Bg2 Nf6 3. e3 c6 4. Ne2 Bf5 5. O-O e6 6. d4 Nbd7 7. c4 dxc4 8. Nbc3
Nb6 9. Bd2 Be7 10. Na4 Nbd5 11. Qc1 Bd3 12. Re1 Nb4 13. Bxb4 Bxb4 14. Nac3 O-O
15. Nf4 Bf5 16. Bf1 Nd5 17. Nfe2 Nb6 18. Rd1 Bd3 19. Bg2 Qe7 20. Nf4 Bf5 21. a3
Bd6 22. Nce2 Rfd8 23. Bf1 Bg4 24. Rd2 Bf3 25. Ng2 Rac8 26. Nef4 c5 27. Nh4 Be4
28. f3 Bxf4 29. exf4 Bd5 30. Be2 Rd7 31. f5 cxd4 32. fxe6 Bxe6 33. Ng2 Qc5 34.
Kh1 Na4 35. Nf4 Qb6 36. Qd1 Qc6 37. Nxe6 fxe6 38. Rxd4 Rxd4 39. Qxd4 c3 40.
bxc3 Qxc3 41. Qxc3 Rxc3 42. Kg2 Rc2 43. Kf1 Kf7 44. Bd1 Rc4 45. Bb3 Rd4 46. Rd1
Rxd1+ 47. Bxd1 Nc3 48. Bc2 h6 49. Kf2 Kf6 50. Ke3 Ke5 51. Kd2 Kd4 52. h3 e5 53.
Bf5 e4 54. Bc8 b6 55. f4 Nb1+ 0-1